Αυτοβιογραφίες και η συγκρότηση του ανδρικού εαυτού : οι περιπτώσεις του Πέτρου Ομηρίδη Σκυλίτση και του Ιάκωβου Δραγάτση : διπλωματική εργασία

Αποθηκεύτηκε σε:
Λεπτομέρειες βιβλιογραφικής εγγραφής
Κύριος συγγραφέας: Αγγελοπούλου, Βασιλική
Συγγραφή απο Οργανισμό/Αρχή: Πανεπιστήμιο Αιγαίου Σχολή Κοινωνικών Επιστημών Τμήμα Κοινωνικής Ανθρωπολογίας και Ιστορίας Πρόγραμμα Μεταπτυχιακών Σπουδών Γυναίκες και Φύλα: Ανθρωπολογικές και Ιστορικές Προσεγγίσεις
Μορφή: Thesis Βιβλίο
Γλώσσα:Greek
Δημοσίευση: 2007.
Θέματα:
Διαθέσιμο Online:http://hdl.handle.net/11610/11713
Ετικέτες: Προσθήκη ετικέτας
Δεν υπάρχουν, Καταχωρήστε ετικέτα πρώτοι!

MARC

LEADER 00000cam a2200000 i 4500
001 1/753
008 090803s2008 gr | ||| |||| ||gre||
035 |l 10105349 
040 |a GR-MyUa  |b gre  |e AACR2 
041 0 |a gre 
082 7 |a 305.31   |2 (22) 
100 1 |a Αγγελοπούλου, Βασιλική. 
245 1 0 |a Αυτοβιογραφίες και η συγκρότηση του ανδρικού εαυτού :   |b οι περιπτώσεις του Πέτρου Ομηρίδη Σκυλίτση και του Ιάκωβου Δραγάτση : διπλωματική εργασία /   |c επιμέλεια: Αγγελοπούλου Βασιλική ; υπευθυνος καθηγητής: Γιαννης Γιαννιτσιώτης. 
260 |c 2007. 
300 |a 61 σ. ;   |c 24 εκ. 
502 |a Διατριβή (μεταπτυχιακή) – Πανεπιστήμιο Αιγαίου, Λέσβος, 2008. 
504 |a Βιβλιογραφία: σ. 56-61. 
650 0 0 |a Men  |x Identity. 
650 0 0 |a Autobiography. 
650 0 0 |a Biography as a literary form. 
650 0 0 |a Discourse analysis, Narrative. 
650 0 0 |a Oral history  |x Methodology. 
650 0 0 |a First person narrative. 
650 0 0 |a Dissertations, Academic  |z Greece. 
700 1 |a Γιαννιτσιώτης, Γιάννης,  |e dgs 
710 2 |a Πανεπιστήμιο Αιγαίου  |b Σχολή Κοινωνικών Επιστημών  |b Τμήμα Κοινωνικής Ανθρωπολογίας και Ιστορίας  |b Πρόγραμμα Μεταπτυχιακών Σπουδών Γυναίκες και Φύλα: Ανθρωπολογικές και Ιστορικές Προσεγγίσεις. 
852 |a INST  |b LESVOS  |c DIATR  |e 20090803  |h 83  |p 005100045660  |q 005100045660  |t MTXE  |y 23 
852 |a INST  |b LESVOS  |c DIATR  |e 20090803  |h 84  |p 005100045661  |q 005100045661  |t MTXE  |y 23 
856 |u http://hdl.handle.net/11610/11713 
901 |a BIBL1-2009-2 
924 |a Αγγελοπούλου  |b Βασιλική  |y Λέσβος  |z 2008-11 
970 |a ΤΖΑΦΕΡΗ  |b ΕΥΑΓΓΕΛΙΑ  |z 2009/08/03